000
00288 a2200133 4500
999
_c
12196
_d
12196
003
OSt
005
20240111175656.0
008
240111b ||||| |||| 00| 0 eng d
020
_a
9788997079728
100
_a
DMP
245
_a
Signs in cultural facilities
260
_b
DMP
942
_2
ddc